00429nam a2200121Ia 450000500170000000800410001702000180005808200130007610000280008924501160011726000520023330000220028520260430133740.0260429s9999||||xx |||||||||||||| ||und|| a9788182860698 a954bHAV aHavell, Ernest Binfield 4aThe history of aryan rule in India : bfrom the earliest times to the death of akbar / cErnest Binfield Havell aChennai : bT.R. Publications Pvt. Ltd.,c2024. axxxi, 583 p.; pbk